000 01261nam a2200337Ia 4500
001 ebr10232720
003 CaPaEBR
006 m u
007 cr cn|||||||||
008 080314s2008 inua s 001 0 eng d
010 _z 2008012238
020 _z9780470251287 (pbk.)
020 _z9780470386002
020 _z047025128X (pbk.)
040 _aCaPaEBR
_cCaPaEBR
035 _a(OCoLC)608622644
050 1 4 _aQA76.76.O63
_bB598 2008eb
100 1 _aBlum, Richard,
_d1962-
245 1 0 _aLinux command line and shell scripting bible
_h[electronic resource] /
_cRichard Blum.
246 3 _aLinux command line and shell scripting
260 _aIndianapolis, IN :
_bWiley Pub.,
_cc2008.
300 _axxx, 809 p. :
_bill.
500 _aIncludes index.
533 _aElectronic reproduction.
_bPalo Alto, Calif. :
_cebrary,
_d2009.
_nAvailable via World Wide Web.
_nAccess may be limited to ebrary affiliated libraries.
630 0 0 _aLinux.
650 0 _aOperating systems (Computers)
650 0 _aScripting languages (Computer science)
655 7 _aElectronic books.
_2local
710 2 _aebrary, Inc.
856 4 0 _uhttp://site.ebrary.com/lib/rucke/Doc?id=10232720
_zAn electronic book accessible through the World Wide Web; click to view
999 _c37527
_d37527